L' apres-mai des faunes : volutions /

Gardado en:
Detalles Bibliográficos
Autor Principal: Hocquenghem, Guy (Author)
Formato: Libro
Idioma:francés
Publicado: Paris : BernardGrasset, [1974]
Series:Enjeux
Tags: Engadir etiqueta
Sen Etiquetas, Sexa o primeiro en etiquetar este rexistro!

MARC

LEADER 00000nam a22000007i 4500
001 IT\ICCU\UBO\3364619
003 ItRI
005 20260115231839.0
008 080131s1974 fr |||||| ||||| |||||c
020 |a 2246000807 
040 |b ita  |c importazione bologna sebina 
041 7 |a fre  |2 ISO-639-2 
100 1 |a Hocquenghem, Guy  |0 IT\ICCU\RAVV\023956  |4 aut 
245 1 3 |a L' apres-mai des faunes :  |b volutions /  |c Guy Hocquenghem. 
260 |a Paris :  |b BernardGrasset,  |c [1974] 
300 |a 204 p. 21 cm. 
830 0 |a Enjeux  |0 IT\ICCU\PUV\0782364 
942 |2 ddc  |c BK  |n 0 
952 |0 0  |1 0  |4 0  |6 DOC_306_766000000000000_HOC  |7 0  |9 14124  |a BO  |b BO  |d 2026-01-15  |i 1505  |l 0  |o DOC 306.766 HOC  |p BO1505  |r 2026-01-15 23:18:39  |w 2026-01-15  |x [Sebina 5] [1 v.]  |y BK  |z 1 v. 
999 |c 12181  |d 12181